000 00364nam a2200181Ia 4500
100 _aRaj Kamal
650 _aEmbedded systems
250 _a2
942 _cBK
366 _f17.5
654 _aembedded system
245 _aEmbedded system
260 _bMcGraw Hill
_c2008
082 _a003.3/RAJ
_bRAJ
300 _a681
546 _aENGLISH
999 _c23958
_d23958